000 00702nam a2200241Ia 4500
005 20260121113220.0
008 12221 260114s9999 xx 000 0 eng d
020 _a9789814541251
037 _aEBOOK
040 _aCRL
_beng
_cCRL
041 _aeng
_2eng
084 _qCRL
100 _aLuchner K, Deger H, Dengler R & Worg R
_9970064
245 0 _aTeaching Modern Physics -- Condensed Matter - Proceedings of the International Conference
260 _bWorld Scientific
260 _bWSPC
260 _c1989
650 _aPhysics
_9970065
856 _uhttps://www.worldscientific.com/worldscibooks/10.1142/0866#t=toc
942 _cEBOOK
999 _c1549521
_d1549521